[Event "Club Argentino-Torre Blanca m"]
[Site "Buenos Aires"]
[Date "2001.12.27"]
[Round "1.8"]
[White "Fraschini, Mariano"]
[Black "Malbran, Guillermo"]
[Result "0-1"]
[WhiteElo "2370"]
[BlackElo "2356"]
[PlyCount "56"]
[EventDate "2001.12.27"]
[EventType "team-match"]
[EventRounds "1"]
[EventCountry "ARG"]
[SourceTitle "EXT 2003"]
[Source "ChessBase"]
[SourceDate "2002.11.25"]
[SourceVersion "1"]
[SourceVersionDate "2002.11.25"]
[SourceQuality "1"]

1. Nf3 d6 2. d4 Bg4 3. e4 Nf6 4. Nc3 e6 5. h3 Bh5 6. Qe2 c6 7. g4 Bg6 8. h4 h5 9. g5 Nfd7 10. Be3 Be7 11. Nd2 d5 12. f4 dxe4 13. Ncxe4 Na6 14. c3 Nb6 15. Bh3 Nd5 16. 0-0 Bf5 17. Bxf5 exf5 18. Ng3 g6 19. c4 Nxe3 20. Qxe3 0-0 21. Nf3 Re8 22. Qb3 Qb6 23. Qxb6 axb6 24. a3 Bd6 25. Ne5 Rad8 26. Rad1 Nc7 27. Ne2 b5 28. c5 Bf8 0-1

[Event "Torre Blanca Copa de Campeones"]
[Site "Buenos Aires"]
[Date "2000.11.07"]
[Round "2"]
[White "Jolodovsky, Alberto"]
[Black "Fraschini, Mariano"]
[Result "1-0"]
[WhiteElo "2006"]
[BlackElo "2352"]
[PlyCount "72"]
[EventDate "2000.11.??"]
[EventType "swiss"]
[EventRounds "7"]
[EventCountry "ARG"]
[SourceTitle "EXT 2005"]
[Source "ChessBase"]
[SourceDate "2004.11.15"]
[SourceVersion "1"]
[SourceVersionDate "2004.11.15"]
[SourceQuality "1"]

1. e4 c5 2. Nf3 Nc6 3. d4 cxd4 4. c3 Nf6 5. e5 Nd5 6. cxd4 d6 7. Bc4 Nb6 8. Bb3 d5 9. h3 Bf5 10. Nc3 e6 11. a3 Be7 12. 0-0 0-0 13. Bc2 Bxc2 14. Qxc2 Rc8 15. Qd3 Na5 16. Bf4 Nbc4 17. Ra2 Nc6 18. b4 f5 19. exf6 Bxf6 20. Bg3 Nd6 21. Re2 Nf5 22. Rxe6 Ncxd4 23. Nxd4 Bxd4 24. Ne2 Nxg3 25. Nxg3 Bb6 26. Nf5 Rc7 27. Rd6 Qg5 28. Rxd5 Rcf7 29. Ne3 Qh4 30. Nd1 Bxf2+ 31. Nxf2 Rxf2 32. Rxf2 Qxf2+ 33. Kh1 Qf4 34. Rd4 Qe5 35. Rd8 Qe1+ 36. Kh2 Qe5+ 1-0

[Event "Torre Blanca op"]
[Site "Buenos Aires"]
[Date "1999.??.??"]
[Round "4"]
[White "Albarran, Gustavo Eduardo"]
[Black "Fraschini, Mariano"]
[Result "0-1"]
[WhiteElo "2194"]
[BlackElo "2350"]
[PlyCount "100"]
[EventDate "1999.10.??"]
[EventType "swiss"]
[EventRounds "9"]
[EventCountry "ARG"]
[SourceTitle "EXT 2001"]
[Source "ChessBase"]
[SourceDate "2000.11.22"]
[SourceVersion "1"]
[SourceVersionDate "2000.11.22"]
[SourceQuality "1"]

1. d4 d5 2. c4 c6 3. Nf3 Nf6 4. Nc3 g6 5. Bf4 Bg7 6. e3 0-0 7. h3 c5 8. Be2 cxd4 9. Nxd4 Nc6 10. Nxc6 bxc6 11. 0-0 Ne4 12. Nxe4 dxe4 13. Qc2 e5 14. Rfd1 Qe7 15. Bh2 f5 16. c5 Be6 17. Bc4 Rfd8 18. Qb3 Bxc4 19. Qxc4+ Kf8 20. b4 Rxd1+ 21. Rxd1 Rd8 22. Qc2 Rxd1+ 23. Qxd1 Bf6 24. f4 exf3 25. gxf3 Ke8 26. Qb3 Qf7 27. Qxf7+ Kxf7 28. e4 f4 29. Kf1 Ke6 30. Bg1 Bh4 31. Bf2 Bxf2 32. Kxf2 a5 33. bxa5 Kd7 34. h4 Kc7 35. h5 gxh5 36. Kg2 Kb7 37. Kh3 Ka6 38. Kh4 Kxa5 39. Kxh5 Kb5 40. Kg5 Kxc5 41. Kf5 Kd6 42. a4 c5 43. a5 c4 44. a6 Kc6 45. Kxe5 c3 46. Kf6 c2 47. e5 c1Q 48. e6 Qc5 49. Kf7 Qf5+ 50. Ke7 h5 0-1

[Event "Torre Blanca op"]
[Site "Buenos Aires"]
[Date "1999.??.??"]
[Round "2"]
[White "Echeguren, Gustavo Fabian"]
[Black "Fraschini, Mariano"]
[Result "0-1"]
[WhiteElo "2124"]
[BlackElo "2350"]
[PlyCount "70"]
[EventDate "1999.10.??"]
[EventType "swiss"]
[EventRounds "9"]
[EventCountry "ARG"]
[SourceTitle "EXT 2001"]
[Source "ChessBase"]
[SourceDate "2000.11.22"]
[SourceVersion "1"]
[SourceVersionDate "2000.11.22"]
[SourceQuality "1"]

1. e4 c5 2. c3 b6 3. d4 Bb7 4. Bd3 Nf6 5. f3 d6 6. Be3 Nbd7 7. Ne2 g6 8. Qd2 Bg7 9. Na3 0-0 10. 0-0 a6 11. c4 e6 12. Rad1 Qc7 13. b3 Rad8 14. d5 Rfe8 15. Bg5 exd5 16. exd5 Rb8 17. Ng3 Bc8 18. Qf4 h5 19. Rfe1 Bb7 20. Nc2 Re5 21. Rxe5 dxe5 22. Qd2 Re8 23. Bh6 Nf8 24. Re1 N8h7 25. Be3 h4 26. Ne4 Nh5 27. Ng5 Qd8 28. Nxh7 Kxh7 29. Bg5 Bf6 30. Be3 Be7 31. Rf1 f5 32. Ne1 Bc8 33. Be2 f4 34. Bf2 Bg5 35. Bd3 Ng3 0-1

[Event "Torre Blanca op"]
[Site "Buenos Aires"]
[Date "1999.??.??"]
[Round "6"]
[White "Fraschini, Mariano"]
[Black "Lafuente, Pablo"]
[Result "1/2-1/2"]
[WhiteElo "2350"]
[BlackElo "2250"]
[PlyCount "42"]
[EventDate "1999.10.??"]
[EventType "swiss"]
[EventRounds "9"]
[EventCountry "ARG"]
[SourceTitle "EXT 2001"]
[Source "ChessBase"]
[SourceDate "2000.11.22"]
[SourceVersion "1"]
[SourceVersionDate "2000.11.22"]
[SourceQuality "1"]

1. Nf3 e6 2. g3 d5 3. Bg2 c5 4. 0-0 Nc6 5. d3 Nge7 6. Nbd2 g6 7. e4 Bg7 8. Re1 b6 9. exd5 exd5 10. d4 0-0 11. dxc5 bxc5 12. Nb3 c4 13. Nbd4 Bg4 14. Be3 Rb8 15. h3 Bxf3 16. Bxf3 Rxb2 17. Nxc6 Nxc6 18. Bc5 Re8 19. Rxe8+ Qxe8 20. Bxd5 Nb4 21. Bxb4 Rxb4 1/2-1/2

[Event "Torre Blanca op"]
[Site "Buenos Aires"]
[Date "1999.??.??"]
[Round "5"]
[White "Mela, Benjamin"]
[Black "Fraschini, Mariano"]
[Result "1/2-1/2"]
[WhiteElo "2203"]
[BlackElo "2350"]
[PlyCount "47"]
[EventDate "1999.10.??"]
[EventType "swiss"]
[EventRounds "9"]
[EventCountry "ARG"]
[SourceTitle "EXT 2001"]
[Source "ChessBase"]
[SourceDate "2000.11.22"]
[SourceVersion "1"]
[SourceVersionDate "2000.11.22"]
[SourceQuality "1"]

1. e4 d5 2. exd5 Qxd5 3. Nc3 Qa5 4. d4 Nf6 5. Bc4 c6 6. Nf3 Bg4 7. h3 Bxf3 8. Qxf3 e6 9. Bd2 Nbd7 10. 0-0 Qb6 11. Bb3 Be7 12. Be3 Qc7 13. Bf4 Bd6 14. Bxd6 Qxd6 15. Rfe1 0-0 16. Rad1 Rad8 17. Ne2 Rfe8 18. c3 Qc7 19. Ng3 c5 20. Ba4 c4 21. Ne4 Nxe4 22. Rxe4 Qa5 23. Bxd7 Rxd7 24. a3 1/2-1/2

[Event "WchT U26 11th"]
[Site "Roque Saenz Pena"]
[Date "1997.08.14"]
[Round "9"]
[White "Guid, Matej"]
[Black "Fraschini, Mariano"]
[Result "1/2-1/2"]
[WhiteElo "2150"]
[BlackElo "2345"]
[PlyCount "63"]
[EventDate "1997.08.06"]
[EventType "team-swiss"]
[EventRounds "9"]
[EventCountry "ARG"]
[SourceTitle "EXT 2020"]
[Source "ChessBase"]
[SourceDate "2019.10.17"]
[SourceVersion "1"]
[SourceVersionDate "2019.10.17"]
[SourceQuality "1"]
[WhiteTeam "Slovenia"]
[BlackTeam "Argentina II"]
[WhiteTeamCountry "SLO"]
[BlackTeamCountry "ARG"]

1. Nf3 f5 2. b3 d6 3. d4 Nf6 4. g3 g6 5. Bg2 Bg7 6. Bb2 0-0 7. 0-0 Qe8 8. d5 c6 9. c4 Na6 10. Nc3 Bd7 11. Nd4 Nc7 12. a4 e5 13. dxe6 Bxe6 14. Nxe6 Qxe6 15. Qc2 Rfe8 16. Rfe1 Na6 17. e4 fxe4 18. Nxe4 Nxe4 19. Rxe4 Qf7 20. Bxg7 Qxg7 21. Rd1 Qf6 22. Red4 Re1+ 23. Rxe1 Qxd4 24. Re7 Rf8 25. Rxb7 Nc5 26. Re7 Nd3 27. Re2 Qa1+ 28. Bf1 Ne1 29. Qb2 Qd1 30. h3 Nf3+ 31. Kg2 Ne1+ 32. Kg1 1/2-1/2

[Event "WchT U26 11th"]
[Site "Roque Saenz Pena"]
[Date "1997.08.11"]
[Round "6"]
[White "Fraschini, Mariano"]
[Black "Prates, Fabiano Fortes"]
[Result "1/2-1/2"]
[WhiteElo "2345"]
[BlackElo "2235"]
[PlyCount "121"]
[EventDate "1997.08.06"]
[EventType "team-swiss"]
[EventRounds "9"]
[EventCountry "ARG"]
[SourceTitle "EXT 2020"]
[Source "ChessBase"]
[SourceDate "2019.10.17"]
[SourceVersion "1"]
[SourceVersionDate "2019.10.17"]
[SourceQuality "1"]
[WhiteTeam "Argentina II"]
[BlackTeam "Brazil"]
[WhiteTeamCountry "ARG"]
[BlackTeamCountry "BRA"]

1. Nf3 Nf6 2. g3 g6 3. Bg2 Bg7 4. d4 0-0 5. c4 d6 6. Nc3 c6 7. e4 Nbd7 8. 0-0 e5 9. h3 Qa5 10. Re1 Qb4 11. Bf1 exd4 12. Nxd4 Ne5 13. Nc2 Qb6 14. Rb1 Be6 15. Ne3 Rad8 16. Kg2 d5 17. cxd5 cxd5 18. Ncxd5 Nxd5 19. Nxd5 Qa5 20. Bd2 Qxa2 21. Nc3 Qb3 22. Qxb3 Bxb3 23. Be3 a6 24. Re2 Rfe8 25. Bg5 Rd7 26. f3 h6 27. Bf4 g5 28. Bxe5 Bxe5 29. Nd5 Kg7 30. Re3 Bxd5 31. exd5 Ree7 32. Rd3 Bd6 33. Rc1 Rc7 34. Rdc3 Be5 35. Rxc7 Rxc7 36. Rxc7 Bxc7 37. Bc4 Kf6 38. Kf2 Bd6 39. g4 Ke5 40. Ke3 Bc5+ 41. Kd3 f6 42. Ba2 Kf4 43. Ke2 b5 44. Bb1 Ke5 45. Be4 Kd4 46. Kd2 Kc4 47. Kc2 Bd6 48. Bf5 a5 49. Bd3+ Kb4 50. Bf5 a4 51. Bd7 Ka5 52. Be8 b4 53. Bd7 Bc5 54. Be8 Bf8 55. Bd7 Be7 56. Be8 Bc5 57. Bd7 a3 58. bxa3 bxa3 59. Kb3 Kb6 60. Bf5 Bd6 61. Bb1 1/2-1/2

[Event "ARG-ch U26"]
[Site "Argentina"]
[Date "1997.??.??"]
[Round "?"]
[White "Flores, Diego"]
[Black "Fraschini, Mariano"]
[Result "0-1"]
[WhiteElo "2180"]
[BlackElo "2360"]
[PlyCount "109"]
[EventDate "1997.??.??"]
[EventType "swiss"]
[EventRounds "9"]
[EventCountry "ARG"]
[SourceTitle "EXT 2001"]
[Source "ChessBase"]
[SourceDate "2000.11.22"]
[SourceVersion "1"]
[SourceVersionDate "2000.11.22"]
[SourceQuality "1"]

1. e4 c5 2. Nc3 Nc6 3. g3 g6 4. Bg2 Bg7 5. d3 d6 6. Be3 e5 7. Qd2 Nf6 8. h3 Be6 9. f4 exf4 10. gxf4 Nh5 11. Nge2 0-0 12. 0-0 f5 13. d4 Bc4 14. Rf2 fxe4 15. Bxe4 cxd4 16. Nxd4 Nxd4 17. Bxd4 Nxf4 18. Kh2 Be5 19. Bxe5 dxe5 20. Qxd8 Raxd8 21. Rd1 Rxd1 22. Nxd1 Rd8 23. Ne3 Be6 24. h4 Rd4 25. Bxb7 Rb4 26. Ba6 Rxb2 27. Bc4 Bxc4 28. Nxc4 Rxa2 29. Nxe5 Nd5 30. Kg3 Nb4 31. c3 Rxf2 32. Kxf2 Nd5 33. c4 Ne7 34. Kf3 Kg7 35. Kf4 Kf6 36. Ke4 Ke6 37. c5 a5 38. Nf3 a4 39. Ng5+ Kd7 40. Kd4 h5 41. Kc4 a3 42. Kb3 Kc6 43. Kxa3 Kxc5 44. Kb3 Kd4 45. Kc2 Ke3 46. Kd1 Kf2 47. Kd2 Kg3 48. Ke3 Kxh4 49. Ne4 Kg4 50. Kf2 Nf5 51. Kg2 Kf4 52. Nf6 h4 53. Kh3 g5 54. Nh5+ Kf3 55. Nf6 0-1

[Event "ARG-ch U26"]
[Site "Argentina"]
[Date "1997.??.??"]
[Round "?"]
[White "Fraschini, Mariano"]
[Black "De Dovitiis, Alejo"]
[Result "1/2-1/2"]
[WhiteElo "2360"]
[BlackElo "2310"]
[PlyCount "39"]
[EventDate "1997.??.??"]
[EventType "swiss"]
[EventRounds "9"]
[EventCountry "ARG"]
[SourceTitle "EXT 2002"]
[Source "ChessBase"]
[SourceDate "2001.11.25"]
[SourceVersion "1"]
[SourceVersionDate "2001.11.25"]
[SourceQuality "1"]

1. Nf3 Nf6 2. g3 d5 3. Bg2 c6 4. 0-0 Bg4 5. d3 Nbd7 6. Qe1 e5 7. e4 dxe4 8. dxe4 Bc5 9. Nbd2 0-0 10. a4 Qe7 11. h3 Bxf3 12. Bxf3 Qe6 13. Kh2 Rfe8 14. Qe2 Nf8 15. Nc4 Ng6 16. c3 a5 17. Be3 Bxe3 18. Nxe3 Red8 19. Nc4 h6 20. Rfe1 1/2-1/2

[Event "ARG-ch U26"]
[Site "Argentina"]
[Date "1997.??.??"]
[Round "?"]
[White "Fraschini, Mariano"]
[Black "Herman, Diego"]
[Result "1-0"]
[WhiteElo "2360"]
[BlackElo "2120"]
[PlyCount "47"]
[EventDate "1997.??.??"]
[EventType "swiss"]
[EventRounds "9"]
[EventCountry "ARG"]
[SourceTitle "EXT 2002"]
[Source "ChessBase"]
[SourceDate "2001.11.25"]
[SourceVersion "1"]
[SourceVersionDate "2001.11.25"]
[SourceQuality "1"]

1. Nf3 Nf6 2. g3 d5 3. Bg2 c6 4. 0-0 Bg4 5. d3 Nbd7 6. Qe1 e5 7. e4 Bd6 8. exd5 cxd5 9. Nxe5 Nxe5 10. d4 0-0 11. dxe5 Re8 12. f4 Rc8 13. c3 Bc5+ 14. Be3 d4 15. cxd4 Bxd4 16. Bxd4 Qxd4+ 17. Qf2 Qb4 18. Nc3 Nd7 19. Nd5 Qa5 20. Ne3 Be6 21. Bxb7 Rc7 22. Bg2 Nc5 23. f5 Nd3 24. Qe2 1-0

[Event "Torre Blanca ITT"]
[Site "Buenos Aires"]
[Date "1997.??.??"]
[Round "3"]
[White "Fraschini, Mariano"]
[Black "Labollita, Martin"]
[Result "1-0"]
[WhiteElo "2360"]
[BlackElo "2230"]
[PlyCount "82"]
[EventDate "1997.??.??"]
[EventType "tourn"]
[EventRounds "11"]
[EventCountry "ARG"]
[SourceTitle "EXT 2005"]
[Source "ChessBase"]
[SourceDate "2004.11.15"]
[SourceVersion "1"]
[SourceVersionDate "2004.11.15"]
[SourceQuality "1"]

1. Nf3 Nf6 2. g3 g6 3. Bg2 Bg7 4. 0-0 0-0 5. d3 d5 6. Nbd2 Nc6 7. e4 e5 8. c3 a5 9. a4 dxe4 10. dxe4 b6 11. Re1 Ba6 12. Bf1 Bxf1 13. Rxf1 Qd3 14. Ne1 Qa6 15. Qc2 Rfd8 16. Nb1 b5 17. axb5 Qxb5 18. Na3 Qa6 19. Bg5 a4 20. Ng2 Na5 21. Qxa4 Qe2 22. Qc2 Qxc2 23. Nxc2 Nc4 24. Na3 Nxb2 25. Ne3 Rd3 26. Nb5 Rf8 27. Bxf6 Bxf6 28. Rfb1 c6 29. Rxb2 cxb5 30. Nd5 Bg5 31. Rxb5 f5 32. exf5 Rxf5 33. h4 Bd8 34. c4 Rf8 35. Rb8 e4 36. Raa8 e3 37. fxe3 Rd1+ 38. Kg2 Rd2+ 39. Kh3 Kg7 40. Rxd8 Rff2 41. Rd7+ Kh6 1-0

[Event "ARG-ch U26"]
[Site "Argentina"]
[Date "1997.??.??"]
[Round "?"]
[White "Fraschini, Mariano"]
[Black "Moreda, Lucas"]
[Result "1-0"]
[WhiteElo "2360"]
[BlackElo "2275"]
[PlyCount "109"]
[EventDate "1997.??.??"]
[EventType "swiss"]
[EventRounds "9"]
[EventCountry "ARG"]
[SourceTitle "EXT 2002"]
[Source "ChessBase"]
[SourceDate "2001.11.25"]
[SourceVersion "1"]
[SourceVersionDate "2001.11.25"]
[SourceQuality "1"]

1. Nf3 d5 2. g3 g6 3. Bg2 Bg7 4. 0-0 e5 5. d3 Ne7 6. e4 0-0 7. exd5 Nxd5 8. Re1 Nc6 9. Nbd2 Re8 10. Nc4 Bf5 11. Ng5 Qd7 12. Ne3 Nxe3 13. Bxe3 Rad8 14. Ne4 Qc8 15. Bg5 Bxe4 16. Bxe4 f6 17. Be3 f5 18. Bxc6 bxc6 19. Qe2 Qa6 20. a3 Qb5 21. c3 f4 22. c4 Qb3 23. Bxa7 fxg3 24. hxg3 Rxd3 25. Rad1 Rxd1 26. Rxd1 e4 27. Rd2 Bh6 28. Be3 Bxe3 29. Qxe3 Qxe3 30. fxe3 Re7 31. a4 Kf7 32. a5 Ke6 33. Rd8 c5 34. a6 c6 35. Ra8 Kf5 36. Rc8 Rd7 37. Rxc6 Kg4 38. Rxc5 Rd1+ 39. Kf2 Rd2+ 40. Ke1 Rxb2 41. Ra5 Rb8 42. a7 Ra8 43. Kf2 h6 44. Kg2 h5 45. Kf2 Rf8+ 46. Kg1 Ra8 47. Kg2 g5 48. c5 Kf5 49. c6+ Ke6 50. c7 Kd7 51. Rxg5 Kxc7 52. Rxh5 Kd6 53. Ra5 Ke6 54. g4 Kf6 55. Kg3 1-0

[Event "Buenos Aires TB"]
[Site "Buenos Aires"]
[Date "1996.??.??"]
[Round "1"]
[White "Fiorito, Fabian"]
[Black "Fraschini, Mariano"]
[Result "0-1"]
[WhiteElo "2455"]
[BlackElo "2340"]
[PlyCount "80"]
[EventDate "1996.??.??"]
[EventType "tourn"]
[EventRounds "11"]
[EventCountry "ARG"]
[SourceTitle "EXT 2001"]
[Source "ChessBase"]
[SourceDate "2000.11.22"]
[SourceVersion "1"]
[SourceVersionDate "2000.11.22"]
[SourceQuality "1"]

1. Nf3 Nf6 2. g3 g6 3. b3 Bg7 4. Bb2 d5 5. c4 c6 6. Bg2 0-0 7. 0-0 Re8 8. d4 Bf5 9. Nc3 Ne4 10. Nh4 Nxc3 11. Bxc3 Be6 12. Qd3 Nd7 13. e4 dxc4 14. bxc4 Ne5 15. Qc2 Nxc4 16. d5 cxd5 17. Bxg7 Kxg7 18. Rfd1 Nd6 19. exd5 Bg4 20. Re1 Qd7 21. Qb2+ Kg8 22. Qd4 a6 23. Re5 Rac8 24. Rae1 Rc2 25. a3 Bh3 26. Qd3 Rc7 27. Bxh3 Qxh3 28. Ng2 Qc8 29. Nf4 Rc1 30. Rxc1 Qxc1+ 31. Kg2 Qc4 32. Qf3 Qd4 33. Qe2 Nf5 34. Re4 Qc5 35. Qf3 Rd8 36. h4 Rc8 37. h5 Qc2 38. Re2 Qd1 39. hxg6 hxg6 40. Qg4 Rc1 0-1

[Event "Buenos Aires TB"]
[Site "Buenos Aires"]
[Date "1996.??.??"]
[Round "3"]
[White "Fraschini, Mariano"]
[Black "Campos, Jose Felix"]
[Result "1/2-1/2"]
[WhiteElo "2340"]
[BlackElo "2305"]
[PlyCount "86"]
[EventDate "1996.??.??"]
[EventType "tourn"]
[EventRounds "11"]
[EventCountry "ARG"]
[SourceTitle "EXT 2001"]
[Source "ChessBase"]
[SourceDate "2000.11.22"]
[SourceVersion "1"]
[SourceVersionDate "2000.11.22"]
[SourceQuality "1"]

1. d4 g6 2. c4 Bg7 3. Nf3 c5 4. d5 f5 5. g3 Nf6 6. Nc3 0-0 7. Bg2 d6 8. 0-0 Nbd7 9. Qc2 Nh5 10. e3 b6 11. b3 Rb8 12. Bb2 a6 13. a4 Ne5 14. Rfd1 Qe8 15. Nxe5 dxe5 16. f4 e4 17. d6 e6 18. Ne2 Bd7 19. Bxg7 Nxg7 20. Nc3 a5 21. Nb5 Bxb5 22. cxb5 Rb7 23. Qc3 Rd7 24. Rd2 g5 25. Bf1 Qg6 26. Kh1 Rfd8 27. Rad1 Kf7 28. Bc4 Qh5 29. Be2 Qh6 30. Qe5 gxf4 31. gxf4 Rg8 32. Rg1 Ne8 33. Rxg8 Kxg8 34. Bc4 Ng7 35. Rg2 Kf8 36. Rg5 Qh3 37. Qf6+ Ke8 38. Rg3 Qh5 39. Rxg7 Qd1+ 40. Kg2 Qf3+ 41. Kg1 Qxe3+ 42. Kg2 Qf3+ 43. Kg1 Qe3+ 1/2-1/2

[Event "Buenos Aires FMDA-chT"]
[Site "Buenos Aires"]
[Date "1996.??.??"]
[Round "8"]
[White "Panno, Oscar"]
[Black "Fraschini, Mariano"]
[Result "1-0"]
[WhiteElo "2485"]
[BlackElo "2340"]
[PlyCount "81"]
[EventDate "1996.??.??"]
[EventType "team"]
[EventRounds "8"]
[EventCountry "ARG"]
[SourceTitle "EXT 2001"]
[Source "ChessBase"]
[SourceDate "2000.11.22"]
[SourceVersion "1"]
[SourceVersionDate "2000.11.22"]
[SourceQuality "1"]

1. Nf3 d6 2. d4 f5 3. g3 Nf6 4. Bg2 g6 5. 0-0 Bg7 6. c4 0-0 7. Nc3 c6 8. d5 Qe8 9. Rb1 Bd7 10. b4 Na6 11. Be3 Nc7 12. Qb3 Kh8 13. dxc6 bxc6 14. Rfd1 Ng4 15. Bc1 Ne6 16. e3 g5 17. Ne2 Qh5 18. Bb2 c5 19. b5 f4 20. exf4 gxf4 21. h3 Nf6 22. g4 Qf7 23. Nc3 Rab8 24. Re1 Nd4 25. Nxd4 cxd4 26. Nd5 e5 27. Qa3 Nxd5 28. Bxd5 Qf6 29. Qxa7 Be6 30. Bxe6 Qxe6 31. Qxd4 h5 32. f3 Bf6 33. Qe4 Rg8 34. Re2 Rg7 35. Rd1 Rbg8 36. Rg2 Qd7 37. Kf1 hxg4 38. Rxg4 Rh7 39. Kg2 Rxg4+ 40. hxg4 Qa7 41. Qe2 1-0

[Event "Capablanca Memorial-C"]
[Site "Matanzas"]
[Date "1995.??.??"]
[Round "13"]
[White "Fraschini, Mariano"]
[Black "Alonso Garcia, Rene Marcial"]
[Result "1/2-1/2"]
[WhiteElo "2350"]
[BlackElo "2380"]
[PlyCount "21"]
[EventDate "1995.05.??"]
[EventType "tourn"]
[EventRounds "13"]
[EventCountry "CUB"]
[EventCategory "4"]
[SourceTitle "EXT 1997"]
[Source "ChessBase"]
[SourceDate "1996.11.15"]
[SourceVersion "1"]
[SourceVersionDate "1996.11.15"]
[SourceQuality "1"]

1. d4 d5 2. c4 e6 3. Nc3 Nf6 4. Bg5 Be7 5. e3 h6 6. Bxf6 Bxf6 7. Nf3 0-0 8. Rc1 c6 9. Bd3 Nd7 10. 0-0 dxc4 11. Bxc4 1/2-1/2

[Event "Budapest FS07 IM-B"]
[Site "Budapest"]
[Date "1995.??.??"]
[Round "?"]
[White "Fraschini, Mariano"]
[Black "Arnold, Ferenc"]
[Result "1/2-1/2"]
[WhiteElo "2360"]
[BlackElo "2355"]
[PlyCount "59"]
[EventDate "1995.07.??"]
[EventType "tourn"]
[EventRounds "11"]
[EventCountry "HUN"]
[EventCategory "2"]
[SourceTitle "EXT 1997"]
[Source "ChessBase"]
[SourceDate "1996.11.15"]
[SourceVersion "1"]
[SourceVersionDate "1996.11.15"]
[SourceQuality "1"]

1. d4 Nf6 2. c4 e6 3. Nc3 Bb4 4. Nf3 b6 5. Qb3 Qe7 6. Bg5 Bxc3+ 7. Qxc3 Ne4 8. Bxe7 Nxc3 9. Ba3 Ne4 10. Nd2 Nxd2 11. Kxd2 Bb7 12. f3 d6 13. b4 Nd7 14. e3 0-0 15. Bd3 Rfd8 16. Rhc1 c5 17. Rab1 Rac8 18. Ke2 g6 19. Rb3 Rc7 20. Bb2 cxb4 21. Rxb4 Rdc8 22. Kd2 Nb8 23. Ba3 Nc6 24. Rb2 Rd8 25. Ke2 Ba6 26. Rcc2 e5 27. d5 Na5 28. e4 f6 29. Rc3 Bc8 30. Bb4 1/2-1/2

[Event "Capablanca Memorial-C"]
[Site "Matanzas"]
[Date "1995.??.??"]
[Round "2"]
[White "Fraschini, Mariano"]
[Black "Gonzales, Renieo"]
[Result "0-1"]
[WhiteElo "2350"]
[BlackElo "2290"]
[PlyCount "158"]
[EventDate "1995.05.??"]
[EventType "tourn"]
[EventRounds "13"]
[EventCountry "CUB"]
[EventCategory "4"]
[SourceTitle "EXT 1997"]
[Source "ChessBase"]
[SourceDate "1996.11.15"]
[SourceVersion "1"]
[SourceVersionDate "1996.11.15"]
[SourceQuality "1"]

1. d4 d5 2. c4 c6 3. Nf3 Nf6 4. Qc2 g6 5. Bf4 Qa5+ 6. Nbd2 Na6 7. e3 Bg7 8. Be2 0-0 9. 0-0 Nh5 10. Bg5 f6 11. Bh4 Bf5 12. Qb3 g5 13. cxd5 cxd5 14. Qxb7 Nb4 15. Bg3 Nxg3 16. hxg3 Nc2 17. Rad1 Rab8 18. Qxe7 Rxb2 19. e4 Bg6 20. Qe6+ Bf7 21. Qf5 Re8 22. e5 Be6 23. Qd3 g4 24. Nh2 f5 25. Nb3 Qxa2 26. Nc5 Nxd4 27. Qxd4 Rxe2 28. Ra1 Qc4 29. Nxe6 Rxe6 30. Qxa7 R2xe5 31. Rfc1 Qb4 32. Nf1 Re7 33. Rc8+ Kf7 34. Qa2 Qd4 35. Qb1 Qe4 36. Qc1 R5e6 37. Rb1 Bd4 38. Rbb8 Bxf2+ 39. Kh1 Be3 40. Rf8+ Kg7 41. Rg8+ Kh6 42. Nxe3 Qxe3 43. Qxe3+ Rxe3 44. Rbd8 R3e5 45. Rd6+ R7e6 46. Rd7 Rg6 47. Rgd8 Kg5 48. Kg1 Re1+ 49. Kf2 Ra1 50. Rxh7 Rga6 51. Rg8+ Kf6 52. Rh6+ Ke5 53. Re8+ Kd4 54. Rxa6 Rxa6 55. Rf8 Ra2+ 56. Kf1 Ke4 57. Re8+ Kd4 58. Rf8 Ke5 59. Re8+ Kf6 60. Rf8+ Ke5 61. Re8+ Kf6 62. Rf8+ Kg6 63. Rd8 Rd2 64. Rd6+ Kf7 65. Ra6 Ke7 66. Rb6 Ra2 67. Rc6 d4 68. Rb6 d3 69. Rb1 Rd2 70. Rb3 Kf6 71. Ke1 Re2+ 72. Kf1 Re3 73. Kf2 d2 74. Rb1 Rd3 75. Ke2 Rxg3 76. Rg1 f4 77. Kxd2 f3 78. Ke3 Kg5 79. Kf2 Kf4 0-1

[Event "Budapest FS07 IM-B"]
[Site "Budapest"]
[Date "1995.??.??"]
[Round "?"]
[White "Fraschini, Mariano"]
[Black "Zaitsev, Vadim"]
[Result "1/2-1/2"]
[WhiteElo "2360"]
[BlackElo "2350"]
[PlyCount "37"]
[EventDate "1995.07.??"]
[EventType "tourn"]
[EventRounds "11"]
[EventCountry "HUN"]
[EventCategory "2"]
[SourceTitle "EXT 1997"]
[Source "ChessBase"]
[SourceDate "1996.11.15"]
[SourceVersion "1"]
[SourceVersionDate "1996.11.15"]
[SourceQuality "1"]

1. d4 Nf6 2. c4 g6 3. g3 Bg7 4. Bg2 0-0 5. Nc3 d6 6. Nf3 a6 7. 0-0 Nc6 8. d5 Na5 9. Nd2 c5 10. Qc2 Rb8 11. b3 b5 12. Rb1 e5 13. cxb5 axb5 14. b4 cxb4 15. Rxb4 Ba6 16. Ba3 Qc7 17. Qd3 Nc4 18. Nxc4 bxc4 19. Qc2 1/2-1/2

[Event "Capablanca Memorial-C"]
[Site "Matanzas"]
[Date "1995.??.??"]
[Round "7"]
[White "Li Torres, Manuel Eugenio"]
[Black "Fraschini, Mariano"]
[Result "1/2-1/2"]
[WhiteElo "2365"]
[BlackElo "2350"]
[PlyCount "99"]
[EventDate "1995.05.??"]
[EventType "tourn"]
[EventRounds "13"]
[EventCountry "CUB"]
[EventCategory "4"]
[SourceTitle "EXT 1997"]
[Source "ChessBase"]
[SourceDate "1996.11.15"]
[SourceVersion "1"]
[SourceVersionDate "1996.11.15"]
[SourceQuality "1"]

1. d4 d5 2. Bg5 c6 3. Nf3 Qb6 4. Qc1 Bf5 5. e3 e6 6. Be2 h6 7. Bh4 Nd7 8. 0-0 Ngf6 9. c4 Be7 10. c5 Qd8 11. Nc3 g5 12. Bg3 Nh5 13. Be5 f6 14. Nd2 Bg6 15. Qd1 Ng7 16. Bg3 0-0 17. f3 f5 18. Bd3 e5 19. Qb3 exd4 20. exd4 b6 21. Qa4 b5 22. Qa6 Rf6 23. Bf2 Ne6 24. Rfe1 Nc7 25. Qa5 Bf8 26. a4 a6 27. axb5 axb5 28. Qb4 f4 29. Bf1 Bf5 30. Rxa8 Qxa8 31. Qa3 Qxa3 32. bxa3 Re6 33. Rc1 Re8 34. a4 bxa4 35. Ra1 Rb8 36. Rxa4 Rb2 37. Ra7 Ne6 38. Nde4 dxe4 39. fxe4 Nexc5 40. exf5 Rb7 41. Ra8 Nb3 42. Ba6 Rb4 43. Bc8 Nf6 44. Na2 Rb5 45. Ba6 Rb6 46. Bc4+ Kg7 47. Ra7+ Kh8 48. Ra8 Kg7 49. Ra7+ Kh8 50. Ra8 1/2-1/2